IEEE & IFIP International Conference in central Asia on Internet

Saved in:
Bibliographic Details
Main Author: Castillo, Pedro Angel Cuenca
Format: Book
Language:Undetermined
Published: New York IEEE Communications Society 2005
Subjects:
Tags: Add Tag
No Tags, Be the first to tag this record!
Institutions: Trung tâm Học liệu Trường Đại học Cần Thơ
LEADER 00565nam a2200181Ia 4500
001 CTU_103240
008 210402s9999 xx 000 0 und d
082 |a 621.392 
082 |b C352 
100 |a Castillo, Pedro Angel Cuenca 
245 0 |a IEEE & IFIP International Conference in central Asia on Internet 
245 0 |c Pedro Angel Cuenca Castillo 
260 |a New York 
260 |b IEEE Communications Society 
260 |c 2005 
650 |a Computer systems,Systems engineering 
904 |i Năm 
980 |a Trung tâm Học liệu Trường Đại học Cần Thơ